The Perception of grade 4 students of SIS on the use of color coded trash cans. (Record no. 96394)
[ view plain ]
| 000 -LEADER | |
|---|---|
| fixed length control field | 00324nam a2200109 a 4500 |
| 005 - DATE AND TIME OF LATEST TRANSACTION | |
| control field | 20140408090029.0 |
| 008 - FIXED-LENGTH DATA ELEMENTS--GENERAL INFORMATION | |
| fixed length control field | 021128s19uu xx 00 eng d |
| 050 ## - LIBRARY OF CONGRESS CALL NUMBER | |
| Classification number | PGS '00 |
| Item number | CAS #22 |
| 100 ## - MAIN ENTRY--PERSONAL NAME | |
| Personal name | Castro, Mary Ann SM. |
| 245 ## - TITLE STATEMENT | |
| Title | The Perception of grade 4 students of SIS on the use of color coded trash cans. |
| 942 ## - ADDED ENTRY ELEMENTS (KOHA) | |
| Koha item type | PASS |
| Withdrawn status | Lost status | Damaged status | Home library | Current library | Shelving location | Date acquired | Source of acquisition | Total Checkouts | Full call number | Barcode | Date last seen | Price effective from | Koha item type |
|---|---|---|---|---|---|---|---|---|---|---|---|---|---|
| Luxembourg Library | Luxembourg Library | Portfolio Assessment of SISC Students Section | 11/28/2002 | PGS '00 CAS #22 | P0341 | 04/08/2014 | 04/08/2014 | PASS |